00576nam a2200193Ia 4500008004100000020000700041082001500048100002400063245002200087250000900109260002900118300002900147500000700176600002700183650002400210942000700234952012600241999001500367240925s9999 xx 000 0 und d aNA a954.91 SAR aSarwar, Gul Shahzad 0aPakistan Studies  a14th aKarachi:bGiftedc,2004. axxvi,390p.bNAfOriginal aNA aEngineering Technology aHistory & geography cBK 001040708ETaUITUbUITUd1999-01-29eTahir Sons urdu bazar l0o954.91 SARpQ1849r2024-09-25 07:12:34w2024-09-25yBK c4348d4348